01520cam a2200325 i 4500001001000000003000900010005001700019007000300036008004100039040003000080041000800110082002500118100005000143245011600193264004400309300004400353336002700397337003300424338002800457590002500485600004100510651006400551651006200615700005300677910003900730942001400769952014200783952025400925999001501179000006969DO-SdBNP20260526143441.0ta910122s1986 cu a b 001 0aspa  aDO-SdBNPbspacBNPHUerda aspa 4a923.57293bG633r2221 aRodríguez La O, Raúl,eautor4aut.91613110aMáximo Gómez :buna vida extraordinaria /cRaúl Rodríguez La O. ; edición, Carina Pino-Santos Navarro 1aLa Habana :bEditora Política,c1986. a88 páginas :bilustraciones ;c23 cm. atextobtxt2rdacontent asin mediaciónbn2rdamedia avolumenbnc2rdacarrier aInventariado,2024/DG10aGómez, Máximo,d1836-1905912249 4aCubaxHistoriayGuerra de los diez años, 1868-1878911018 4aCubaxHistoriayGuerra de independencia, 1895-18989110191 aPino-Santos Navarro, Carina,eeditor4ed.946946 aValidado. Control de calidad BNPHU 2ddccLBS1 00102ddc51708PDaBNPHUbBNPHUcHDd2009-09-03l0oBNPHU PD 923.57293 G633rp6969-10r2020-06-25w2020-06-25yLBS1ZPréstamo interno 00102ddc51708PDaBNPHUbBNPHUcHDd2024-11-05eDonado por la Presidencia de la República Dominicana 2023.l0oBNPHU PD 923.57293 G633rp2024-6319r2024-11-05te.2w2024-11-05yLBS1zPertenecio a la biblioteca personal de Emilio Cordero Michel. c6753d6753